Learning from good and bad data

Αποθηκεύτηκε σε:
Λεπτομέρειες βιβλιογραφικής εγγραφής
Κύριος συγγραφέας: Laird, Philip D.
Μορφή: Βιβλίο
Γλώσσα:English
Δημοσίευση: Boston : Kluwer Academic Publishers, c1988
Σειρά:Kluwer international series in engineering and computer science. Knowledge representation, learning and expert systems
Kluwer international series in engineering and computer science ; ; 47
Θέματα:
Ετικέτες: Προσθήκη ετικέτας
Δεν υπάρχουν, Καταχωρήστε ετικέτα πρώτοι!

MARC

LEADER 00000cam a2200000 i 4500
001 1/55576
008 941103s1988 eng d
020 |a 0898382637 
035 |l 10045323 
035 |a 1993  |c ΠΑΝΑΓΙΩΤΟΠΟΥΛΟΣ 
040 |a GR-MY-UA  |b gre  |e aacr 
041 0 |a eng 
082 0 |a 006.31  |2 (19) 
100 1 |a Laird, Philip D. 
245 1 0 |a Learning from good and bad data /  |c by Philip D. Laird 
260 |a Boston :   |b Kluwer Academic Publishers,   |c c1988 
300 |a xviii, 211 p.;  |b ill.;  |c 25 cm 
490 1 |a Kluwer international series in engineering and computer science. Knowledge representation, learning and expert systems  |v ; 47 
490 1 |a Kluwer international series in engineering and computer science 
500 |a Includes index 
504 |a Bibliography: p. 201-207 
650 0 0 |a Machine learning. 
650 0 0 |a Artificial intelligence. 
650 0 0 |a Computers. 
650 0 0 |a System identification. 
830 0 |a Kluwer international series in engineering and computer science. Knowledge representation, learning and expert systems 
830 0 |a Kluwer international series in engineering and computer science ;  |v ; 47 
852 |a INST  |b SAMOS  |e 19941103  |h 006.31 LAI  |p 005300004286  |q 005300004286  |t BK  |y 0 
909 |a Σ  |b 029728